[Event "CZE-ch Amateur"]
[Site "Hluk"]
[Date "2023.05.06"]
[Round "1"]
[White "Bures, Vit"]
[Black "Mrazek, Adam"]
[Result "1-0"]
[WhiteElo "2159"]
[BlackElo "1670"]
[PlyCount "57"]
[EventDate "2023.05.06"]
[EventType "swiss"]
[EventRounds "9"]
[EventCountry "CZE"]
[SourceTitle "CBM 214 Extra"]
[Source "ChessBase"]
[SourceDate "2023.07.31"]
[SourceVersion "1"]
[SourceVersionDate "2023.07.31"]
[SourceQuality "1"]

1. d4 Nf6 2. c4 g6 3. Nc3 Bg7 4. e4 d6 5. Be2 0-0 6. Bg5 c5 7. d5 a6 8. a4 Qa5 9. Bd2 e6 10. Nf3 exd5 11. cxd5 Bg4 12. 0-0 Re8 13. h3 Bxf3 14. Bxf3 Qc7 15. Qc2 Nbd7 16. Be2 Rab8 17. Rfe1 c4 18. a5 Rec8 19. Ra4 Nc5 20. Rxc4 Qd8 21. Be3 b5 22. axb6 Ncd7 23. Na4 Rxc4 24. Qxc4 a5 25. f3 Rc8 26. Qb5 Rb8 27. Qxa5 Ra8 28. Qb4 Rb8 29. Qxd6 1-0

[Event "Ricany op 20th"]
[Site "Ricany"]
[Date "2022.08.27"]
[Round "1"]
[White "Voracek, Zdenek"]
[Black "Mrazek, Adam"]
[Result "1-0"]
[WhiteElo "1891"]
[BlackElo "1546"]
[PlyCount "49"]
[EventDate "2022.08.27"]
[EventType "swiss"]
[EventRounds "9"]
[EventCountry "CZE"]
[SourceTitle "CBM 210 Extra"]
[Source "ChessBase"]
[SourceDate "2022.11.30"]
[SourceVersion "1"]
[SourceVersionDate "2022.11.30"]
[SourceQuality "1"]

1. d4 Nf6 2. c4 g6 3. Nc3 Bg7 4. e4 a6 5. f3 0-0 6. Be3 Nc6 7. Qd2 d6 8. Bd3 e5 9. d5 Nd4 10. Nge2 Nd7 11. 0-0-0 Rb8 12. Bh6 Nxe2+ 13. Bxe2 Qh4 14. Bg5 Qf2 15. Be3 Qh4 16. g3 Qe7 17. h4 h5 18. g4 Nf6 19. Bg5 Kh7 20. gxh5 gxh5 21. f4 exf4 22. e5 Qxe5 23. Bd3+ Kh8 24. Rde1 Qd4 25. Rhf1 1-0

[Event "CZE-ch U14"]
[Site "Luhacovice"]
[Date "2022.03.14"]
[Round "3"]
[White "Mrazek, Adam"]
[Black "Svoboda, Daniel"]
[Result "0-1"]
[WhiteElo "1582"]
[BlackElo "1619"]
[PlyCount "79"]
[EventDate "2022.03.12"]
[EventType "swiss"]
[EventRounds "9"]
[EventCountry "CZE"]
[SourceTitle "EXT 2023"]
[Source "ChessBase"]
[SourceDate "2022.10.05"]
[SourceVersion "1"]
[SourceVersionDate "2022.10.05"]
[SourceQuality "1"]

1. d4 Nf6 2. Nf3 c5 3. e3 g6 4. c4 Bg7 5. Nc3 0-0 6. Be2 cxd4 7. Nxd4 Nc6 8. 0-0 a6 9. e4 d6 10. Be3 Bd7 11. Qd2 Ne5 12. Bh6 Rc8 13. Bxg7 Kxg7 14. b3 Qc7 15. Rac1 Bc6 16. f3 Bd7 17. Rfd1 Bc6 18. Kh1 b6 19. Bf1 Rfd8 20. Rc2 Qb7 21. Rdc1 Rc7 22. Nd5 Bxd5 23. cxd5 Rdc8 24. Rxc7 Rxc7 25. Rxc7 Qxc7 26. Bxa6 Qa7 27. Bb5 Qa3 28. Qc2 Qb4 29. Qd1 Qc3 30. a4 h5 31. Kg1 Qe3+ 32. Kf1 Qc3 33. Ke2 h4 34. Qd2 Qa1 35. Nc6 Qg1 36. Nxe5 dxe5 37. Qe3 Qxh2 38. Qxb6 h3 39. Kd3 hxg2 40. d6 0-1

[Event "Prague op-B 20th"]
[Site "Prague"]
[Date "2022.01.07"]
[Round "1"]
[White "Kalvach, Ladislav"]
[Black "Mrazek, Adam"]
[Result "0-1"]
[WhiteElo "1762"]
[BlackElo "1384"]
[PlyCount "44"]
[EventDate "2022.01.07"]
[EventType "swiss"]
[EventRounds "9"]
[EventCountry "CZE"]
[SourceTitle "CBM 206 Extra"]
[Source "ChessBase"]
[SourceDate "2022.03.31"]
[SourceVersion "1"]
[SourceVersionDate "2022.03.31"]
[SourceQuality "1"]

1. c4 e5 2. Nc3 Nf6 3. g3 d5 4. cxd5 Nxd5 5. Bg2 Be6 6. Nf3 Nc6 7. d3 Bc5 8. Ng5 Nxc3 9. bxc3 Bd7 10. Qb3 0-0 11. 0-0 Bb6 12. Bd5 Be8 13. e4 h6 14. Nf3 Qf6 15. Kg2 Bd7 16. Be3 Bg4 17. Ng1 Rad8 18. Qc2 h5 19. Qd2 h4 20. Bg5 h3+ 21. Nxh3 Qf3+ 22. Kg1 Bxh3 0-1

[Event "CZE-ch U14"]
[Site "Herlikovice"]
[Date "2021.10.25"]
[Round "3"]
[White "Tichy, Tomas1"]
[Black "Mrazek, Adam"]
[Result "1/2-1/2"]
[WhiteElo "1568"]
[BlackElo "1279"]
[PlyCount "63"]
[EventDate "2021.10.23"]
[EventType "swiss"]
[EventRounds "9"]
[EventCountry "CZE"]
[SourceTitle "EXT 2023"]
[Source "ChessBase"]
[SourceDate "2022.10.05"]
[SourceVersion "1"]
[SourceVersionDate "2022.10.05"]
[SourceQuality "1"]

1. e4 g6 2. d4 Bg7 3. Nc3 c5 4. Nf3 cxd4 5. Nxd4 Nc6 6. Be3 Nf6 7. f3 d5 8. Bb5 Bd7 9. Nxd5 Nxd5 10. exd5 Nxd4 11. Bxd7+ Qxd7 12. Bxd4 Bxd4 13. Qxd4 0-0 14. 0-0 Rfd8 15. Rfd1 Rac8 16. c4 Qd6 17. Rac1 b6 18. Kh1 e6 19. Rc3 Qb4 20. Rd2 exd5 21. cxd5 Qxd4 22. Rxd4 Rxc3 23. bxc3 b5 24. Kg1 Kf8 25. Kf2 Ke7 26. Ke3 Kd6 27. Ke4 Re8+ 28. Kd3 Re5 29. c4 bxc4+ 30. Rxc4 Rxd5+ 31. Ke3 Ra5 32. a4 1/2-1/2

[Event "CZE-ch U14"]
[Site "Herlikovice"]
[Date "2021.10.23"]
[Round "1"]
[White "Mrazek, Adam"]
[Black "Tesar, Jakub"]
[Result "0-1"]
[WhiteElo "1279"]
[BlackElo "1611"]
[PlyCount "74"]
[EventDate "2021.10.23"]
[EventType "swiss"]
[EventRounds "9"]
[EventCountry "CZE"]
[SourceTitle "EXT 2023"]
[Source "ChessBase"]
[SourceDate "2022.10.05"]
[SourceVersion "1"]
[SourceVersionDate "2022.10.05"]
[SourceQuality "1"]

1. Nf3 d5 2. d4 Nf6 3. c4 dxc4 4. e3 e6 5. Bxc4 a6 6. Nbd2 c5 7. b3 Nc6 8. Bb2 cxd4 9. Nxd4 Nxd4 10. Bxd4 Bb4 11. a3 Ba5 12. b4 Bb6 13. Nf3 Bxd4 14. Qxd4 Qxd4 15. Nxd4 0-0 16. Ke2 b6 17. b5 axb5 18. Bxb5 Bb7 19. Nc6 Ne4 20. Rhc1 g6 21. a4 Kg7 22. f3 Nc5 23. Rc3 Rfc8 24. Nd4 Ba6 25. Bxa6 Rxa6 26. Nb5 Ra5 27. Rca3 Na6 28. Kd2 Nb4 29. Rc3 Rca8 30. Rca3 Rd8+ 31. Kc3 Nd5+ 32. Kd2 Nf4+ 33. Kc3 Nxg2 34. Kc4 Nh4 35. Nd4 e5 36. Nb3 Raa8 37. f4 Nf5 0-1

[Event "CZE-ch Juniors op"]
[Site "Kouty nad Desnou"]
[Date "2020.03.09"]
[Round "4"]
[White "Pejrimovsky, Tadeas Rubel"]
[Black "Mrazek, Adam"]
[Result "1-0"]
[WhiteElo "1502"]
[BlackElo "1259"]
[PlyCount "43"]
[EventDate "2020.03.07"]
[EventType "swiss"]
[EventRounds "7"]
[EventCountry "CZE"]
[SourceTitle "CBM 195 Extra"]
[Source "ChessBase"]
[SourceDate "2020.05.31"]
[SourceVersion "1"]
[SourceVersionDate "2020.05.31"]
[SourceQuality "1"]

1. e4 c5 2. b4 cxb4 3. a3 d5 4. exd5 Qxd5 5. Nf3 e5 6. c4 Qe6 7. Bd3 e4 8. 0-0 Qf6 9. Bxe4 Qxa1 10. Qb3 Qf6 11. axb4 Bd6 12. Bb2 Qh6 13. c5 Bc7 14. Bd5 Qg6 15. Re1+ Ne7 16. Nh4 Qh5 17. Bxg7 Qxh4 18. Bxf7+ Kd8 19. g3 Qg5 20. Bxh8 Nbc6 21. Qd3+ Bd7 22. Be6 1-0